000 00928nam a2200325Ia 4500
003 OSt
005 20220912150813.0
006 a|||||r|||| 00| 0
007 ta
008 220909b |||||||| |||| 00| 0 eng d
020 _a0841237239 (hbd)
024 _a9407
037 _bApple,
037 _cTextual
040 _aCSL
_beng
_cCSL
041 _aeng
082 _aFG, P2
100 _aClark J Marshall
245 0 _aAgrochemical resistance: extent, mechanism and detection
260 _aWashington
_bAmerican Chemical Society
_c2002
300 _axii, 290p
490 _aACS symposium series; 808
500 _aIncludes bibliographical references; Indexes 269-290p
650 _a Agrochemicals
650 _a Pesticides
650 _aAgriculture
700 _a Yamaguchi Isamu Ed
942 _hFG, P2
_cTEXL
_2CC
999 _c55465
_d55465